Sports Quiz

Random Sports or City Quiz
Score 0/37 Timer 08:00
2 Plays Today
% Correct
Walla Walla
93.6%
Cairo
89.1%
Omaha
88.9%
Kalamazoo
88.7%
Salt Lake City
88.1%
Troy
87.9%
Salem
86.4%
Johnstown
84.2%
Anaconda
83.8%
Jamestown
83.4%
Taylorville
82.1%
Hannibal
80.4%
Lincoln
80.1%
Rockford
79.4%
Hollywood
79.2%
Columbus
79%
Amsterdam-Gloversville-Johnstown
78.6%
Holland
78.5%
Henryetta
77.3%
% Correct
Seattle
76.7%
Hamilton
76.3%
Paris
74.8%
St. Paul
73%
London
69.5%
Santa Barbara
68%
Dublin
67.3%
Pittsburgh
64.5%
Idaho Falls
63.9%
Phillipsburg
58.8%
Ironton
58.6%
Flint
54.3%
Minot
52.5%
Stratford
49.5%
Chesterfield
47.1%
Carbondale
46%
Canton
45.6%
Cedar Rapids
40.6%
Remove Ads.
Support Sporcle.
Get the best of Sporcle when you Go Orange. This ad-free experience offers more features, more stats, and more fun while also helping to support Sporcle. Thank you for becoming a member.

You're not logged in!

Compare scores with friends on all Sporcle quizzes.
OR
Log In

Show Comments

Extras

Top Quizzes Today


Score Distribution

Your Account Isn't Verified!

In order to create a playlist on Sporcle, you need to verify the email address you used during registration. Go to your Sporcle Settings to finish the process.

Report this User

Report this user for behavior that violates our Community Guidelines.

Details: